Top 20 Most Subscribed YouTube Channels - Statistics

General Stats
  • This quiz has been taken 44 times
  • The average score is 8 of 20
Answer Stats
Hint Answer % Correct
241,798,090 MrBeast
89%
111,289,961 PewDiePie
76%
260,642,524 T-Series
68%
172,416,845 Cocomelon
62%
120,048,189 Kids Diana Show
46%
169,345,785 SET India
46%
99,869,735 WWE
46%
113,464,000 Like Nastya
43%
112,932,673 Vlad and Niki
43%
93,074,121 BLACKPINK
38%
105,000,362 Zee Music Company
32%
94,866,967 Goldmines
27%
77,915,854 Zee TV
27%
77,542,521 BANGTANTV
24%
89,862,030 Sony SAB
24%
80,611,542 5-Minute Crafts
22%
72,649,849 Justin Bieber
22%
70,809,819 Colors TV
19%
74,043,913 HYBE LABELS
14%
73,155,520 Pinkfong
14%
No matching quizzes found
Score Distribution
Percent of People with Each Score
Percentile by Number Answered
Your Score History
You have not taken this quiz